Rückblick 2023 - Länder zuordnen (Amerika) - Statistiken

Allgemein
  • Dieses Quiz wurde 69 mal gespielt
  • Das Durchschnittsergebnis liegt bei 4 aus 15
Antwortstatistiken
Hint Antwort % Korrekt
Erstmals in der Geschichte wird der Sprecher des Repräsentantenhauses per Misstrauensantrag abgewählt. Vereinigte Staaten
67%
Der als ultrarechts geltende Javier Milei wird in einer Stichwahl zum neuen Präsidenten gewählt. Argentinien
56%
In einem Referendum stimmen 96% der Teilnehmer für eine Annexion eines Teils des Nachbarlandes. Venezuela
45%
Waldbrände verbrennen 173.000 km² Land, mehr als jemals zuvor. Kanada
38%
Eröffnung eines neuen Gefängnisses mit Platz für 40.000 Häftlinge. El Salvador
27%
Die ehemalige Senatspräsidentin und Ministerin Christine Kangaloo wird Präsidentin. Trinidad & Tobago
27%
Hurrikan Otis tötet mind. 52 Menschen und verursacht einen Schaden von ca. 15 Mrd. US-Dollar. Mexiko
25%
Anhänger des ehemaligen Präsidenten stürmen in der Hauptstadt den Kongress, den Obersten Gerichtshof und den Regierungssitz. Brasilien
24%
Nach Abbruch der Beziehungen zu Taiwan wird eine Botschaft in China eröffnet. Honduras
15%
Iran und dieses Land unterzeichnen ein Memorandum of Understanding zur Kooperation in den Bereichen Sicherheit und Verteidigung. Bolivien
13%
Die Verhinderung eines Amtsenthebungsverfahrens durch die Auflösung des Parlaments löst eine politische Krise aus. Ecuador
13%
Dieses Land wird bei der Netball-WM Dritter. Jamaika
13%
Der ehemalige Finanzminister Santiago Peña wird Staatspräsident. Paraguay
13%
Bernardo Arévalo gewinnt die Stichwahl um die Präsidentschaft. Guatemala
9%
Waldbrände im Zentrum des Landes verbrennen 4000 km² Land und töten 24 Menschen. Chile
7%
Keine übereinstimmenden Quizze gefunden
Verteilung der Resultate
Anzahl Personen mit jedem Resultat
Perzentil nach korrekt beantworteten Fragen
Ihre Resultats-Entwicklung
Sie haben dieses Quiz noch nicht gespielt